000 01495nem0a2200301 4500
001 RU\NLR\BIBL_A\022707584
005 20260201142259.0
035 _a(NLR Aleph) 022707584
090 _a13540295
_c13540295
100 _a20260122d1939 m y0rusy50 ca
101 0 _arus
102 _aRU
120 _abya xx||
123 1 _aa
_b1250000
200 1 _aУкраинская ССР
_bКарты
_eОсновные объекты промышленного, транспортного и сельскохозяйственного строительства, построенные и начатые строительством до начала третьей пятилетки
_fСост.: М.И. Ивановский
_gРед.: В.А.Калмыков
206 _a1:1 200 000, 12 км в 1 см
210 _aЛенинград
_cЛен. обл. дом учителя
_d1939
215 _a1 к.
_cцв., текст, граф.
_d74х100 см
509 0 1 _7ca
_aУкраинская ССР
_92633645
_3RU\NLR\auth_crt\55469
606 1 _aНародное хозяйство
_jКарты
_9944452
_3RU\NLR\AUTH\6631367
607 _aУкраинская ССР
_jКарты
_91019239
_3RU\NLR\AUTH\6671513
608 _aСоциально-экономические карты
_91411596
_3RU\NLR\AUTH\66283173
702 1 _aИвановский
_bМ.И.
_4220
702 1 _aКалмыков
_bВ.А.
_4340
852 _aNLR
_bК
_j4-Укр 4/26
_m8390
_t8391
942 _cMAP
980 _aNB